Mod-13, Lec-32. Lyapunov Theory - II

Uloženo v:
Podrobná bibliografie
Další autoři: YouTube
Médium: Kniha
Jazyk:angličtina
Témata:
On-line přístup:Mod-13, Lec-32. Lyapunov Theory - II
Tagy: Přidat tag
Žádné tagy, Buďte první, kdo vytvoří štítek k tomuto záznamu!

MARC

LEADER 00000nam a22000004a 4500
001 vpro12183
005 20201223000000.0
008 171103s2017 ck # g## #001 0#eng#d
020
022
040 |a CO-BoINGC 
041 0 |a eng 
245 1 0 |a Mod-13, Lec-32. Lyapunov Theory - II 
246 |a Md̤ulo 13, leccin̤ 32. Teora̕ Lyapunov - II 
264 |a Bogot ̀(Colombia) :  |b Revista VirtualPRO,  |c 2017 
520 3
650 \ \ |a Control automt̀ico 
650 \ \ |a Control de procesos industriales 
650 \ \ |a Automatic control 
650 \ \ |a Industrial process control 
650 \ \ |a control de procesos 
650 \ \ |a control automt̀ico 
650 \ \ |a process control 
650 \ \ |a automatic control  
700 \ \ |a YouTube 
856 |z Mod-13, Lec-32. Lyapunov Theory - II  |u https://virtualpro.unach.elogim.com/biblioteca/modulo-13-leccion-32-teoria-lyapunov---ii